000 00677nam a2200241 i 4500
001 C2-0295330
003 PPAK
005 20180728030927.0
008 090325s2008 nyu |||| ||||| | eng d
020 _a9781416552857 ; 1416552855
040 _aPPAK
_beng
_cPPAK
_erda
082 0 4 _a341.2373
_223
090 0 0 _a341.2373
_bBOL
_dG
100 1 _aBolton, John,
_eauthor
245 1 0 _aSurrender is not an option
264 1 _aNew York :
_bThreshold Editions ,
_c2008
300 _a504 pages ;
_c24 cm
336 _2rdacontent
_atext
337 _2rdamedia
_aunmediated
338 _2rdacarrier
_avolume
650 1 0 _aAmbassadors - United States - Biography
942 _ddc
_cB
999 _c99889
_d99889